000 00478nam a2200157 i 4500
001 90998
003 ES-MaACL
005 20230906180619.0
007 t|
008 050126s1931 fr ||||1| fre d
100 1 _aLémonon, Ernest.
_971497
245 1 3 _aLa nouvelle Europe centrale et son bilan économique
_b: (1919-1930) /
_cErnest Lémonon.
260 _aParis :
_b[s.n.,
_c1931] (
_eSaint-Germain :
_fWillaume)
300 _a262 p. ;
_c19 cm.
852 _aES-MaACL
_jB-12374
999 _c90998
_d90998